The Last Word: Book Titles III Quiz Stats

 Plays Quiz Updated Jul 9, 2015

Challenge
Share
Tweet
Embed
Score 0/36 Timer 05:00
6 Plays Today
Hint Answer % Correct
Dan BrownDemons
95.4%
Cormac McCarthyMen
93.8%
Tom ClancyOctober
91.5%
Stephen KingMile
91.2%
Anne RiceVampire
85.6%
John le CarréSpy
84.9%
John IrvingRules
84.2%
John GrishamBrief
83.7%
Khaled HosseiniRunner
81.8%
Tom ClancyGames
79.7%
Stephen KingLot
75.8%
Anne RiceHour
75.8%
Stephen KingSematary
75.8%
James PattersonSpider
75.3%
James PattersonJuly
70.9%
John IrvingGarp
70.5%
John GrishamKill
66.8%
J. K. RowlingAges
64.2%
Hint Answer % Correct
Cormac McCarthyHorses
62%
Mitch AlbomMorrie
60.7%
John le CarréGardener
58.8%
John GrishamJury
57.9%
Khaled HosseiniSuns
52.9%
John IrvingMeany
52.6%
J. K. RowlingVacancy
43.6%
Mitch AlbomDay
38.1%
Dan BrownSymbol
37.6%
Mitch AlbomFaith
36.3%
Dan BrownFortress
36%
Tom ClancySix
28.9%
John le CarréPeople
24.3%
J. K. RowlingCalling
21.7%
James PattersonWizard
21.4%
Cormac McCarthyMeridian
20.5%
Anne RiceHeaven
11.1%
Khaled HosseiniEchoed
10.9%

You're not logged in!

Compare scores with friends on all Sporcle quizzes.
Join for Free
OR
Log In

You Might Also Like...

Show Comments

Extras

Top Quizzes Today


Score Distribution

Your Account Isn't Verified!

In order to create a playlist on Sporcle, you need to verify the email address you used during registration. Go to your Sporcle Settings to finish the process.

Report this User

Report this user for behavior that violates our Community Guidelines.

Details: